| 000 | 00697nam a2200217Ia 4500 | ||
|---|---|---|---|
| 005 | 20250507130345.0 | ||
| 008 | 008 250505s9999 xx 000 0 chi d | ||
| 020 | _a9787227032816 | ||
| 037 | _aAnnuals, Advances | ||
| 040 |
_aEASL _beng _cEASL |
||
| 041 |
_achi _2eng |
||
| 084 |
_aV41:192.P05, P6 _qEASL |
||
| 100 |
_aJie Lun (Jairam Ramesh) Lan Mishi _9665233 |
||
| 245 | 0 | _aLi Jie CHINDIA = Making sense of Chindia: Reflections on China and India | |
| 260 |
_aChina _bNing Xia Ning Xia Ren min chu ban she China _c2006 |
||
| 300 | _a180p. | ||
| 365 |
_aYu _b35.00 |
||
| 650 |
_aCL _9642733 |
||
| 942 |
_cTEXL _hV41:192.P05, P6 |
||
| 999 |
_c1319201 _d1319201 |
||